| 000 | 00609nam a22001937a 4500 | ||
|---|---|---|---|
| 005 | 20180411114331.0 | ||
| 010 | _aENG-122459 | ||
| 020 |
_a9788171397990 _c1600.00 |
||
| 035 | _aEN-105991 | ||
| 037 | _bDBAD/PUB | ||
| 082 | _a027.4 | ||
| 100 | _aBinita Rani | ||
| 245 |
_aRural libraries past, present and future / _cby Binita Rani |
||
| 260 |
_aNew Delhi _bJnanada Prakashan (P&D) _c2017 |
||
| 270 |
_a4837/2, 24, Ansari Road, Daryaganj, _bNew Delhi _e110002 |
||
| 300 |
_a376p. _bill. picture _c22cm(Hb) |
||
| 500 | _aIncludes bibliography [and] index | ||
| 942 |
_2ddc _cEN _mBIN _h027.4 |
||
| 999 |
_c150694 _d150694 |
||